[Event "AUTO-OPEN-4310"]
[Site "http://www.queenalice.com/game.php?id=1770237"]
[Date "2021.9.19"]
[Round "1"]
[White "Atacante"]
[Black "gomague"]
[Result "0-1"]
[WhiteElo "1870"]
[BlackElo "1734"]

1. e4 e5 2. Nf3 Nc6 3. Bc4 Be7 4. d4 exd4 5. Nxd4 Nf6 6. O-O O-O 7. Nxc6 dxc6 8.
Qe2 Re8 9. Nc3 Bb4 10. Bg5 Bxc3 11. bxc3 Bg4 12. f3 Bh5 13. Rad1 Qe7 14. Bd3 h6
15. Bh4 g5 16. Bg3 Rad8 17. Qf2 b6 18. Rfe1 Qa3 19. e5 Nd5 20. Qe2 Nxc3 21. Qe3
Kg7 22. Ra1 Nd5 23. Qf2 Nb4 24. Be4 Bg6 25. Bxg6 Kxg6 26. f4 Nd5 27. f5+ Kh7 28.
f6 Qc3 29. Kh1 Re6 30. Qe2 Nxf6 31. Qf3 Qxf3 32. gxf3 Nd5 0-1

[Event "AUTO-OPEN-4310"]
[Site "http://www.queenalice.com/game.php?id=1770238"]
[Date "2021.9.19"]
[Round "1"]
[White "gomague"]
[Black "Atacante"]
[Result "0-1"]
[WhiteElo "1719"]
[BlackElo "1833"]

1. e4 Nc6 2. d4 d6 3. Nf3 e6 4. Nc3 Nf6 5. Bb5 Bd7 6. Bxc6 Bxc6 7. d5 exd5 8.
exd5 Bd7 9. h3 Be7 10. O-O O-O 11. Bg5 Bf5 12. Re1 Re8 13. Bxf6 Bxf6 14. Rxe8+
Qxe8 15. Qd2 a6 16. Re1 Qd7 17. Kh2 Re8 18. Rxe8+ Qxe8 19. Nd4 Bxd4 20. Qxd4
Bxc2 21. a3 Qe5+ 22. Qxe5 dxe5 23. Kg3 Kf8 24. Kf3 Ke7 25. h4 f5 26. g3 h5 27.
Ke3 Kd6 28. Kd2 Bb3 0-1

[Event "AUTO-OPEN-4310"]
[Site "http://www.queenalice.com/game.php?id=1770259"]
[Date "2021.9.19"]
[Round "1"]
[White "MarcosT"]
[Black "gomague"]
[Result "1-0"]
[WhiteElo "2182"]
[BlackElo "1755"]

1. e4 e5 2. Nf3 Nc6 3. Bc4 Be7 4. d4 exd4 5. Nxd4 Nf6 6. O-O O-O 7. Nc3 Ne5 8.
Bb3 c5 9. Nf5 a6 10. f4 Nc6 11. Nxe7+ Nxe7 12. e5 Ne8 13. Be3 b6 14. f5 Nc6 15.
Qg4 Nxe5 16. Qg3 d6 17. Bh6 Qf6 18. Bg5 1-0

[Event "AUTO-OPEN-4310"]
[Site "http://www.queenalice.com/game.php?id=1770260"]
[Date "2021.9.19"]
[Round "1"]
[White "gomague"]
[Black "MarcosT"]
[Result "0-1"]
[WhiteElo "1722"]
[BlackElo "2203"]

1. e4 c5 2. Nf3 Nc6 3. Bb5 d6 4. d4 cxd4 5. Nxd4 Bd7 6. Bxc6 bxc6 7. O-O Nf6 8.
Nc3 e5 9. Nf3 Be7 10. Re1 O-O 11. Bg5 Qc7 12. Bxf6 Bxf6 13. h3 Rad8 14. Qe2 Be7
15. Rad1 Be6 16. a3 f6 17. Kh1 d5 18. exd5 cxd5 19. Nxe5 fxe5 20. Qxe5 Qxe5 21.
Rxe5 Rf6 22. f3 Kf7 23. Nb5 Rh6 24. g4 Rxh3+ 25. Kg2 Rh6 26. Nd4 Bc8 27. Nc6
Rxc6 0-1

[Event "AUTO-OPEN-4310"]
[Site "http://www.queenalice.com/game.php?id=1770271"]
[Date "2021.9.19"]
[Round "1"]
[White "Castling"]
[Black "gomague"]
[Result "1-0"]
[WhiteElo "1707"]
[BlackElo "1739"]

1. e4 e5 2. Bc4 Be7 3. Nf3 d6 4. h3 Nf6 5. d3 h6 6. Nc3 Nc6 7. a3 a5 8. Be3 O-O
9. Nd5 Nxd5 10. Bxd5 Bd7 11. Qd2 Kh8 12. Bxh6 gxh6 13. Qxh6+ Kg8 14. h4 Bf6 15.
Ng5 1-0

[Event "AUTO-OPEN-4310"]
[Site "http://www.queenalice.com/game.php?id=1770272"]
[Date "2021.9.19"]
[Round "1"]
[White "gomague"]
[Black "Castling"]
[Result "1-0"]
[WhiteElo "1709"]
[BlackElo "1641"]

1. e4 e5 2. f4 d6 3. Nf3 Bg4 4. Bc4 Nf6 5. Nc3 a6 6. a4 Nc6 7. f5 Nd4 8. O-O Qd7
9. Nd5 O-O-O 10. Nxf6 gxf6 11. c3 Nxf3+ 12. gxf3 Bh3 13. Rf2 Rg8+ 14. Kh1 Bh6
15. Bf1 Bxf1 16. Qxf1 Bf4 17. d3 Bxc1 18. Qxc1 h5 19. Qh6 Rh8 20. Qxf6 Rdg8 21.
Rg2 Rxg2 22. Kxg2 Rg8+ 23. Kh1 h4 24. Qxh4 Kb8 25. b3 Kc8 26. Qh7 Rg5 27. Qh8+
Qd8 28. Qxd8+ Kxd8 29. Rg1 Rxg1+ 30. Kxg1 f6 31. Kg2 Ke8 32. Kg3 Kf7 33. f4 Kg7
34. fxe5 fxe5 35. d4 Kf6 36. h4 Kg7 37. d5 b5 38. h5 Kh6 39. Kg4 bxa4 40. bxa4
a5 41. f6 Kh7 42. Kf5 Kg8 43. Ke6 1-0

[Event "Challenge"]
[Site "http://www.queenalice.com/game.php?id=1770880"]
[Date "2021.9.27"]
[Round "-"]
[White "cristal_negro"]
[Black "gomague"]
[Result "1-0"]
[WhiteElo "1814"]
[BlackElo "1716"]

1. e4 e5 2. c3 Nf6 3. Nf3 d6 4. d3 Bg4 5. Be2 Bxf3 6. Bxf3 Nc6 7. O-O Be7 8. Nd2
O-O 9. Re1 Re8 10. Nc4 b5 11. Ne3 a5 12. Nf5 Bf8 13. Bg5 h6 14. Be3 Ne7 15.
Nxh6+ gxh6 16. Qd2 c5 17. b3 h5 18. Bg5 Ng4 19. d4 f6 20. Bxg4 hxg4 21. Bxf6 Qd7
22. Qg5+ Kf7 23. d5 Ng6 24. Re3 Bg7 25. Bxg7 Kxg7 26. Rg3 Rh8 27. Rxg4 Qf7 28.
h4 Qf6 29. h5 Qxg5 30. Rxg5 Rh6 31. hxg6 Rxg6 32. Rh5 a4 33. Rb1 axb3 34. axb3
Ra2 35. c4 b4 36. Rh2 Re2 37. Kf1 Rxe4 38. f3 Re2 39. Kxe2 1-0

[Event "AUTO-OPEN-4314"]
[Site "http://www.queenalice.com/game.php?id=1771791"]
[Date "2021.10.9"]
[Round "1"]
[White "Canaye"]
[Black "gomague"]
[Result "1-0"]
[WhiteElo "1799"]
[BlackElo "1694"]

1. d4 d5 2. c4 dxc4 3. e3 e5 4. Bxc4 exd4 5. exd4 Qe7+ 6. Ne2 Qb4+ 7. Nd2 Nf6 8.
O-O Be7 9. a3 Qd6 10. Qc2 O-O 11. Nb3 Ng4 12. Bf4 Qd8 13. h3 Nf6 14. Rfe1 Re8
15. Rad1 a6 16. Nc3 h6 17. Nd2 b5 18. Ba2 c5 19. d5 Bb7 20. Nf3 Bd6 21. Bxd6
Rxe1+ 22. Rxe1 Qxd6 23. Re2 Nbd7 24. Rd2 Re8 25. Qb1 c4 26. Qc2 Nxd5 27. Bb1 g6
28. Nxd5 Bxd5 29. Re2 Rxe2 30. Qxe2 Bxf3 31. Qxf3 Ne5 32. Qe4 Qd1+ 33. Kh2 Qxb1
34. Qxb1 1-0

[Event "AUTO-OPEN-4314"]
[Site "http://www.queenalice.com/game.php?id=1771792"]
[Date "2021.10.9"]
[Round "1"]
[White "gomague"]
[Black "Canaye"]
[Result "1/2-1/2"]
[WhiteElo "1686"]
[BlackElo "1926"]

1. e4 e6 2. d4 d5 3. Nc3 dxe4 4. Nxe4 Nd7 5. Nf3 Ngf6 6. Bd3 Nxe4 7. Bxe4 Nf6 8.
Bg5 Be7 9. Bxf6 Bxf6 10. O-O O-O 11. Re1 c5 12. c3 cxd4 13. Nxd4 Rb8 14. Qh5 g6
15. Qd1 b6 16. Nc6 Qc7 17. Nxb8 Qxb8 18. Qb3 Qf4 19. Rad1 Be5 20. g3 Qf6 21. f4
Bb8 22. a4 Ba6 23. Bd3 Bxd3 24. Rxd3 Rd8 25. Rxd8+ Qxd8 26. Rd1 Qe7 27. Qb5 Bd6
28. Qc6 Bc5+ 29. Kg2 Qf6 30. Qa8+ Kg7 31. Qxa7 e5 32. Rf1 exf4 33. Rxf4 Qe6 34.
Qa6 Qd5+ 35. Kh3 g5 36. Rd4 Bxd4 37. cxd4 g4+ 38. Kxg4 Qxd4+ 39. Kh3 h5 40. Qb5
Qg4+ 41. Kg2 Qe4+ 42. Kf2 Qd4+ 43. Ke2 Qe4+ 44. Kf2 Qc2+ 45. Kg1 Qc1+ 46. Kg2
Qc2+ 47. Kh3 Qc8+ 48. Kg2 Qc2+ 49. Kf3 Qd1+ 50. Ke3 Qe1+ 51. Kd4 Qd1+ 52. Ke5
f6+ 53. Ke4 Qe1+ 54. Kd5 Qe5+ 55. Kc6 Qe6+ 56. Kb7 Qe7+ 57. Kxb6 Qd6+ 58. Ka7
Qd4+ 59. Qb6 Qxa4+ 60. Kb7 Qe4+ 61. Kb8 Qe8+ 62. Ka7 Qa4+ 63. Kb7 Qe4+ 64. Ka7
Qa4+ 1/2-1/2

[Event "AUTO-OPEN-4314"]
[Site "http://www.queenalice.com/game.php?id=1771809"]
[Date "2021.10.9"]
[Round "1"]
[White "CCapivara"]
[Black "gomague"]
[Result "1-0"]
[WhiteElo "2246"]
[BlackElo "1718"]

1. d4 d5 2. Nf3 Nf6 3. Bg5 e6 4. Nbd2 Be7 5. c3 O-O 6. Bxf6 Bxf6 7. e4 dxe4 8.
Nxe4 c6 9. Bd3 Nd7 10. O-O h6 11. Qe2 b5 12. Rad1 a5 13. h3 Nb6 14. Nxf6+ Qxf6
15. Qe4 1-0

[Event "AUTO-OPEN-4314"]
[Site "http://www.queenalice.com/game.php?id=1771810"]
[Date "2021.10.9"]
[Round "1"]
[White "gomague"]
[Black "CCapivara"]
[Result "0-1"]
[WhiteElo "1680"]
[BlackElo "2209"]

1. e4 d6 2. d4 Nf6 3. Nc3 c6 4. Nf3 Bg4 5. Be2 Nbd7 6. O-O e5 7. dxe5 dxe5 8. h3
Bh5 9. Re1 Bb4 10. Bf1 O-O 11. Bd2 Qc7 12. a3 Be7 13. Bg5 Rad8 14. Qe2 b5 15.
Rad1 a5 16. g4 Bg6 17. Nh4 b4 18. axb4 axb4 19. Nxg6 hxg6 20. Na4 Nc5 21. Nxc5
Bxc5 22. Rxd8 Rxd8 23. Qc4 Qb6 24. Be3 Bd4 25. Bxd4 Rxd4 26. Qe2 Rxe4 27. Qxe4
Nxe4 28. Rxe4 Qc5 29. Bc4 Kf8 30. b3 f5 31. gxf5 gxf5 32. Rh4 Qd6 33. Rh8+ Ke7
34. Rg8 Kf6 35. Rh8 Qd1+ 36. Kg2 Qxc2 37. Rb8 e4 38. Kf1 f4 39. Rf8+ Ke5 40.
Re8+ Kd4 41. Rd8+ Kc3 42. Rd3+ Qxd3+ 43. Bxd3 exd3 44. Ke1 Kc2 0-1

[Event "AUTO-OPEN-4315"]
[Site "http://www.queenalice.com/game.php?id=1772114"]
[Date "2021.10.12"]
[Round "1"]
[White "gomague"]
[Black "Artking"]
[Result "0-1"]
[WhiteElo "1699"]
[BlackElo "1974"]

1. e4 d5 2. exd5 Qxd5 3. Nc3 Qa5 4. d4 c6 5. Nf3 Bg4 6. h3 Bh5 7. Be2 Nf6 8. Bd2
Qc7 9. O-O Nbd7 10. Re1 e6 11. Bf1 O-O-O 12. Be2 Bd6 13. a4 g5 14. Nxg5 Bxe2 15.
Qxe2 Rdg8 16. Nxe6 fxe6 17. Qxe6 Rg6 18. Qe2 Rhg8 19. f3 c5 20. dxc5 Bh2+ 0-1

[Event "AUTO-OPEN-4315"]
[Site "http://www.queenalice.com/game.php?id=1772115"]
[Date "2021.10.12"]
[Round "1"]
[White "Artking"]
[Black "gomague"]
[Result "1-0"]
[WhiteElo "1968"]
[BlackElo "1704"]

1. d4 d5 2. c4 dxc4 3. e4 e5 4. d5 b5 5. a4 Bb4+ 6. Nc3 Bd7 7. Nf3 Bg4 8. Be2
Bxf3 9. gxf3 Bxc3+ 10. bxc3 c6 11. dxc6 Qxd1+ 12. Bxd1 Ne7 13. axb5 Nbxc6 14.
bxc6 Nxc6 15. Ba4 1-0

[Event "AUTO-OPEN-4300"]
[Site "http://www.queenalice.com/game.php?id=1774247"]
[Date "2021.11.8"]
[Round "2"]
[White "clovis"]
[Black "gomague"]
[Result "1-0"]
[WhiteElo "2086"]
[BlackElo "1694"]

1. e4 e5 2. Bc4 Bc5 3. Nf3 Nf6 4. Nc3 d6 5. d3 Bg4 6. O-O Nc6 7. Bg5 Nd4 8. Nd5
a6 9. c3 Nxf3+ 10. gxf3 Bh5 11. Kh1 c6 12. Nxf6+ gxf6 13. Bh4 Rg8 14. d4 exd4
15. cxd4 Bb6 16. Qb3 Bxd4 17. Be2 b5 18. a4 bxa4 19. Rxa4 c5 20. Bxa6 Kf8 21.
Be2 Rxa4 22. Qxa4 Kg7 23. Qc4 1-0

[Event "AUTO-OPEN-4300"]
[Site "http://www.queenalice.com/game.php?id=1774248"]
[Date "2021.11.8"]
[Round "2"]
[White "gomague"]
[Black "clovis"]
[Result "0-1"]
[WhiteElo "1663"]
[BlackElo "2145"]

1. e4 e5 2. f4 Bc5 3. Nf3 d6 4. Nc3 Nf6 5. Bc4 Nc6 6. a3 Bg4 7. Be2 O-O 8. d3
Nh5 9. f5 Bxf3 10. Bxf3 Qh4+ 0-1

[Event "AUTO-OPEN-4300"]
[Site "http://www.queenalice.com/game.php?id=1774260"]
[Date "2021.11.8"]
[Round "2"]
[White "greggy"]
[Black "gomague"]
[Result "1-0"]
[WhiteElo "2886"]
[BlackElo "1696"]

1. Nf3 Nf6 2. c4 c5 3. Nc3 Nc6 4. g3 g6 5. d4 cxd4 6. Nxd4 Nxd4 7. Qxd4 Bg7 8.
Bg2 O-O 9. O-O d6 10. Qd3 Rb8 11. Bf4 Bf5 12. e4 Be6 13. Rac1 Nh5 14. Be3 b6 15.
Rfd1 Rc8 16. b3 f5 17. exf5 Bxf5 18. Qd5+ e6 19. Qxd6 Qxd6 20. Rxd6 1-0